Home Print Resources E-Books E-Journals IIMT Lecture Series Library Membership Form Book Recommendation Form Campus Tour Take AdmissionAbout Us Contact Us

APPLIED CHEMISTRY (Record no. 35975)

000 -LEADER
fixed length control field 00368nam a22001577a 4500
003 - CONTROL NUMBER IDENTIFIER
control field OSt
005 - DATE AND TIME OF LATEST TRANSACTION
control field 20240322130503.0
008 - FIXED-LENGTH DATA ELEMENTS--GENERAL INFORMATION
fixed length control field 170729b xxu||||| |||| 00| 0 eng d
020 ## - INTERNATIONAL STANDARD BOOK NUMBER
International Standard Book Number 978-8122408140
040 ## - CATALOGING SOURCE
Transcribing agency SEROSOFT
100 ## - MAIN ENTRY--PERSONAL NAME
Personal name VERMANI,O.P
245 ## - TITLE STATEMENT
Title APPLIED CHEMISTRY
260 ## - PUBLICATION, DISTRIBUTION, ETC.
Place of publication, distribution, etc. DELHI
Name of publisher, distributor, etc. NEW AGE INTERNATIONAL
Date of publication, distribution, etc. 2001
300 ## - PHYSICAL DESCRIPTION
Extent 321
942 ## - ADDED ENTRY ELEMENTS (KOHA)
Source of classification or shelving scheme
Koha item type General Book
Holdings
Withdrawn status Lost status Source of classification or shelving scheme Damaged status Not for loan Home library Current library Date acquired Source of acquisition Coded location qualifier Total Checkouts Full call number Barcode Date last seen Price effective from Koha item type
          IIMT University Central Library Meerut IIMT University Central Library Meerut 07/29/2017 127 ENGG. COLLEGE APPLIED SC   660 VER 01-B-121824 07/29/2017 07/29/2017 General Book
          IIMT University Central Library Meerut IIMT University Central Library Meerut 07/29/2017 127 ENGG. COLLEGE APPLIED SC   660 VER 01-B-121825 07/29/2017 07/29/2017 General Book
          IIMT University Central Library Meerut IIMT University Central Library Meerut 07/29/2017 127 ENGG. COLLEGE APPLIED SC   660 VER 01-B-121826 07/29/2017 07/29/2017 General Book
          IIMT University Central Library Meerut IIMT University Central Library Meerut 07/29/2017 127 ENGG. COLLEGE APPLIED SC   660 VER 01-B-121827 07/29/2017 07/29/2017 General Book
          IIMT University Central Library Meerut IIMT University Central Library Meerut 07/29/2017 127 ENGG. COLLEGE APPLIED SC   660 VER 01-B-121828 07/29/2017 07/29/2017 General Book
IIMT, Central Library. All Rights Reserved IIMT,UNIVERSITY © 2023
Implemented and Customised by I CLOUDE EMS
You Are OPAC Visitor No
free web counter

Powered by Koha